JESENSKÁ, Zora (pseud. Neznáma čitateľka, E. Letričková) prekladateľka, spisovateľka, redaktorka (3. 5. 1909 Martin - 21. 12. 1972 Bratislava, poch. v Martine)

Podrobná bibliografia
Médium: Článok
Jazyk:slovenčina
Predmet:

MARC

LEADER 00000naa a2200000uu 4500
001 vtls010919009
003 SK-MaSNL
005 20260302144601.0
008 220808|1987 xo |||||||||||||||||slo|
015 |a SNBRA 
035 |a (urnnbn)urn:nbn:sk:snk:ar-a0cyby 
035 |a (uuid)73dcaf80-2405-4ee3-a522-0ab053554e38 
035 |a urn:nbn:sk:snk-aatn1h 
040 |a SNKBUCL  |b slo  |c SNKBUCL  |e AACR2 
041 0 |a slo 
044 |a xo  |c SK 
245 0 0 |a JESENSKÁ, Zora (pseud. Neznáma čitateľka, E. Letričková)  |b prekladateľka, spisovateľka, redaktorka (3. 5. 1909 Martin - 21. 12. 1972 Bratislava, poch. v Martine) 
600 1 7 |a Jesenská, Zora,  |d 1909-1972  |2 SNKMA  |9 37015 
650 0 7 |a prekladateľky  |2 SNKPH  |9 89753 
650 0 7 |a spisovateľky  |2 SNKPH  |9 112693 
655 7 |a biografické heslá  |2 SNKPH  |9 368942 
773 0 |t Slovenský biografický slovník : (od roku 833 do roku 1990). II. zväzok, E-J  |d Martin : Matica slovenská, 1987  |g S. 551-552 
954 |a odborná, vedecká literatúra pôvodná (slovenská)  |2 lita 
958 |a BX 
958 |a OND 
958 |a chapter 
958 |a article25 
999 |c 1349979  |d 1351909